[Event "SRB-chT 2nd League West"]
[Site "Kragujevac"]
[Date "2019.10.05"]
[Round "10.6"]
[White "Jovic, Branko"]
[Black "Radovanovic, Miroljub B"]
[Result "1/2-1/2"]
[WhiteElo "2020"]
[BlackElo "1844"]
[PlyCount "87"]
[EventDate "2019.09.06"]
[EventType "team-tourn"]
[EventRounds "11"]
[EventCountry "SRB"]
[SourceTitle "EXT 2020"]
[Source "ChessBase"]
[SourceDate "2019.10.17"]
[SourceVersion "1"]
[SourceVersionDate "2019.10.17"]
[SourceQuality "1"]
[WhiteTeam "Tutin"]
[BlackTeam "Razanj"]
[WhiteTeamCountry "SRB"]
[BlackTeamCountry "SRB"]

1. e4 c5 2. Nf3 Nc6 3. d4 cxd4 4. Nxd4 e5 5. Nb5 d6 6. c4 Nf6 7. N1c3 a6 8. Na3 h6 9. Be2 Nd4 10. Be3 Nxe2 11. Qxe2 Be7 12. 0-0 Bd7 13. Nc2 Bc6 14. f3 0-0 15. Rfd1 Qc7 16. Nb4 a5 17. Nbd5 Nxd5 18. Nxd5 Bxd5 19. cxd5 Rfc8 20. Rdc1 Qd7 21. Qd2 Qb5 22. Rxc8+ Rxc8 23. Rc1 Rxc1+ 24. Qxc1 Qe2 25. Qd2 Qb5 26. Qc2 a4 27. g3 Qd7 28. Kg2 Kh7 29. Qc4 Bd8 30. b4 axb3 31. axb3 g5 32. g4 Kg6 33. Qa4 Qxa4 34. bxa4 f6 35. Kf1 Kf7 36. Ke2 Ke7 37. Kd3 Kd7 38. Kc4 Ba5 39. Kb5 Bc3 40. Kc4 Ba5 41. Kb5 Bc3 42. a5 Kc7 43. a6 bxa6+ 44. Kxa6 1/2-1/2

[Event "SRB-chT 2nd League West"]
[Site "Kragujevac"]
[Date "2019.09.06"]
[Round "1.6"]
[White "Dimitrijevic, Ivan"]
[Black "Jovic, Branko"]
[Result "1/2-1/2"]
[WhiteElo "2118"]
[BlackElo "2020"]
[PlyCount "93"]
[EventDate "2019.09.06"]
[EventType "team-tourn"]
[EventRounds "11"]
[EventCountry "SRB"]
[SourceTitle "EXT 2020"]
[Source "ChessBase"]
[SourceDate "2019.10.17"]
[SourceVersion "1"]
[SourceVersionDate "2019.10.17"]
[SourceQuality "1"]
[WhiteTeam "Cacak Borac"]
[BlackTeam "Tutin"]
[WhiteTeamCountry "SRB"]
[BlackTeamCountry "SRB"]

1. c4 Nf6 2. d4 e6 3. Nc3 Bb4 4. Bg5 h6 5. Bxf6 Qxf6 6. Qb3 Bxc3+ 7. bxc3 b6 8. e4 Bb7 9. Qc2 d6 10. Bd3 0-0 11. Nf3 Nd7 12. 0-0 e5 13. Rad1 Rfe8 14. Qe2 Nf8 15. Qe3 Ne6 16. g3 Ng5 17. Nd2 c5 18. d5 Bc8 19. f3 Nh3+ 20. Kh1 g5 21. Be2 Kh8 22. Nb3 Qg6 23. Nc1 f5 24. exf5 Bxf5 25. g4 Bc2 26. Rd2 Nf4 27. Nd3 Bxd3 28. Bxd3 Nxd3 29. Rxd3 Rf8 30. Qe2 Rf4 31. Re3 Raf8 32. Kg2 R8f7 33. h3 Kg7 34. a4 Qf6 35. a5 bxa5 36. Ra1 e4 37. Rxe4 Rxf3 38. Ra2 Qxc3 39. Qe1 Rxh3 40. Qxc3+ Rxc3 41. Rxa5 Rc2+ 42. Kg3 Rc3+ 43. Kg2 Rc2+ 44. Kg3 Rc3+ 45. Kg2 Rc2+ 46. Kg3 Rc3+ 47. Kg2 1/2-1/2

[Event "SRB-chT2 West"]
[Site "Arandjelovac"]
[Date "2018.10.06"]
[Round "9.2"]
[White "Vlajkovic, Stanko"]
[Black "Jovic, Branko"]
[Result "1-0"]
[WhiteElo "2224"]
[BlackElo "2031"]
[PlyCount "83"]
[EventDate "2018.09.07"]
[EventType "team-tourn"]
[EventRounds "11"]
[EventCountry "SRB"]
[SourceTitle "EXT 2021"]
[Source "ChessBase"]
[SourceDate "2020.10.23"]
[SourceVersion "1"]
[SourceVersionDate "2020.10.23"]
[SourceQuality "1"]
[WhiteTeam "Arandjelovac"]
[BlackTeam "Tutin"]
[WhiteTeamCountry "SRB"]
[BlackTeamCountry "SRB"]

1. Nf3 Nf6 2. d4 e6 3. g3 b6 4. Bg2 Bb7 5. 0-0 Be7 6. c4 0-0 7. Nc3 Ne4 8. Qc2 Nxc3 9. bxc3 f5 10. d5 Na6 11. Rd1 Qc8 12. e4 Nc5 13. exf5 exf5 14. Nd4 g6 15. Bh6 Rf7 16. h4 Bf8 17. Bf4 Bg7 18. h5 a6 19. Re1 Bf6 20. hxg6 hxg6 21. g4 d6 22. Ne6 Nxe6 23. Rxe6 g5 24. Bd2 Qf8 25. Rae1 Qg7 26. Qxf5 Raf8 27. Qd3 Bc8 28. R6e4 Be5 29. R1e2 Qh6 30. Qh3 Qg6 31. Rxe5 dxe5 32. Rxe5 Qb1+ 33. Kh2 Rg7 34. d6 Rxf2 35. Re8+ Kf7 36. Qh5+ Qg6 37. Qxg6+ Kxg6 38. Be1 Rxg2+ 39. Kxg2 Bxg4 40. Rb8 Kh5 41. Bg3 Be2 42. dxc7 1-0

[Event "SRB-chT2 West"]
[Site "Arandjelovac"]
[Date "2018.10.05"]
[Round "8.3"]
[White "Jovic, Branko"]
[Black "Osatovic, Milos"]
[Result "1/2-1/2"]
[WhiteElo "2031"]
[BlackElo "2115"]
[PlyCount "22"]
[EventDate "2018.09.07"]
[EventType "team-tourn"]
[EventRounds "11"]
[EventCountry "SRB"]
[SourceTitle "EXT 2021"]
[Source "ChessBase"]
[SourceDate "2020.10.23"]
[SourceVersion "1"]
[SourceVersionDate "2020.10.23"]
[SourceQuality "1"]
[WhiteTeam "Tutin"]
[BlackTeam "Loznica Grad"]
[WhiteTeamCountry "SRB"]
[BlackTeamCountry "SRB"]

1. e4 c5 2. Nf3 d6 3. d4 cxd4 4. Nxd4 Nf6 5. Nc3 g6 6. Be2 Bg7 7. 0-0 Nc6 8. Be3 0-0 9. Kh1 Bd7 10. Nb3 Rc8 11. f4 a6 1/2-1/2

[Event "SRB-chT2 West"]
[Site "Arandjelovac"]
[Date "2018.09.07"]
[Round "1.5"]
[White "Jovic, Branko"]
[Black "Knezevic, Veljko"]
[Result "0-1"]
[WhiteElo "2031"]
[BlackElo "2086"]
[PlyCount "89"]
[EventDate "2018.09.07"]
[EventType "team-tourn"]
[EventRounds "11"]
[EventCountry "SRB"]
[SourceTitle "EXT 2021"]
[Source "ChessBase"]
[SourceDate "2020.10.23"]
[SourceVersion "1"]
[SourceVersionDate "2020.10.23"]
[SourceQuality "1"]
[WhiteTeam "Tutin"]
[BlackTeam "Uzice Sloboda"]
[WhiteTeamCountry "SRB"]
[BlackTeamCountry "SRB"]

1. e4 c5 2. Nf3 Nc6 3. d4 cxd4 4. Nxd4 g6 5. Nc3 Bg7 6. Be3 Nf6 7. Be2 0-0 8. 0-0 d6 9. Nb3 b6 10. f4 Bb7 11. Bf3 Nd7 12. Qd2 Na5 13. Nxa5 bxa5 14. Rab1 Nb6 15. b3 Rc8 16. Nd5 Nxd5 17. exd5 Rc3 18. Rbc1 Qc7 19. Bd4 Bxd4+ 20. Qxd4 Qb6 21. Rfd1 Rfc8 22. Be4 Ba6 23. f5 Re3 24. Qxb6 axb6 25. Re1 Rec3 26. Kf2 b5 27. Re3 b4 28. Rxc3 Rxc3 29. Re1 Kg7 30. g4 g5 31. Re3 Rxe3 32. Kxe3 Kf6 33. Kd4 Be2 34. h3 Bf1 35. c3 Bxh3 36. cxb4 axb4 37. Kc4 Bxg4 38. Kxb4 Be2 39. Ka5 Ke5 40. Bh1 g4 41. Bg2 Bf3 42. Bf1 g3 43. b4 g2 44. Bxg2 Bxg2 45. Kb6 0-1

[Event "SRB-chT3 West CS"]
[Site "Serbia"]
[Date "2017.10.13"]
[Round "8.45"]
[White "Jovic, Branko"]
[Black "Urosevic, Miroljub"]
[Result "1/2-1/2"]
[WhiteElo "2013"]
[BlackElo "2088"]
[PlyCount "103"]
[EventDate "2017.09.03"]
[EventType "team-tourn"]
[EventRounds "11"]
[EventCountry "SRB"]
[SourceTitle "EXT 2021"]
[Source "ChessBase"]
[SourceDate "2020.10.23"]
[SourceVersion "1"]
[SourceVersionDate "2020.10.23"]
[SourceQuality "1"]

1. e4 c5 2. Nf3 e6 3. d4 cxd4 4. Nxd4 Nc6 5. Nc3 Qc7 6. Be2 a6 7. 0-0 Nf6 8. a3 h5 9. Nxc6 bxc6 10. f4 Bc5+ 11. Kh1 d6 12. Bf3 Bb7 13. Qe1 Bd4 14. Be3 c5 15. Nd1 Bxe3 16. Qxe3 Ng4 17. Qe2 Kf8 18. Nf2 Nxf2+ 19. Qxf2 Rb8 20. Rab1 Bc6 21. b4 cxb4 22. axb4 Bb5 23. Rfc1 Bc4 24. Be2 h4 25. Qf1 Bxe2 26. Qxe2 h3 27. g3 Qc6 28. c4 f5 29. Re1 Kf7 30. b5 axb5 31. cxb5 Qxe4+ 32. Qxe4 fxe4 33. Rxe4 Rhc8 34. Kg1 Rc2 35. b6 Rb7 36. Ra4 Kf6 37. Ra7 Rxa7 38. bxa7 Ra2 39. Rb7 d5 40. Kf1 g5 41. Rh7 gxf4 42. gxf4 Kf5 43. Rf7+ Ke4 44. Re7 Kf3 45. Ke1 d4 46. Rxe6 Rxa7 47. f5 Rf7 48. Rh6 Kg2 49. Rg6+ Kxh2 50. f6 Kh1 51. Kd2 h2 52. Kd3 1/2-1/2

[Event "SRB-chT3 West CS"]
[Site "Serbia"]
[Date "2017.10.12"]
[Round "6.6"]
[White "Tosic, Dragoljub"]
[Black "Jovic, Branko"]
[Result "0-1"]
[WhiteElo "1829"]
[BlackElo "2013"]
[PlyCount "110"]
[EventDate "2017.09.03"]
[EventType "team-tourn"]
[EventRounds "11"]
[EventCountry "SRB"]
[SourceTitle "EXT 2021"]
[Source "ChessBase"]
[SourceDate "2020.10.23"]
[SourceVersion "1"]
[SourceVersionDate "2020.10.23"]
[SourceQuality "1"]

1. d4 Nf6 2. Nf3 e6 3. g3 b6 4. Bg2 Bb7 5. 0-0 Be7 6. c4 0-0 7. Nc3 Ne4 8. Qc2 Nxc3 9. bxc3 f5 10. a4 Be4 11. Qb3 Nc6 12. Ne1 Bxg2 13. Nxg2 Kh8 14. f4 Qe8 15. Ne1 Na5 16. Qa2 Nb7 17. Nf3 Nd6 18. Be3 Ne4 19. Qc2 Qh5 20. Kg2 Rf6 21. Rh1 Rh6 22. h4 Qg4 23. Bf2 d6 24. Ng5 Bxg5 25. hxg5 Rh5 26. Rxh5 Qxh5 27. Rh1 Qg6 28. Be1 Kg8 29. Qb3 Qe8 30. Kf3 Qc6 31. d5 exd5 32. cxd5 Qc5 33. Qb5 Qxb5 34. axb5 a5 35. g4 g6 36. gxf5 gxf5 37. c4 a4 38. Bb4 a3 39. Ra1 a2 40. Be1 Nc5 41. Bc3 Nb3 42. Re1 a1Q 43. Bxa1 Rxa1 44. Rxa1 Nxa1 45. e4 fxe4+ 46. Kxe4 Nb3 47. f5 Kf7 48. Kd3 Nc5+ 49. Ke3 Kg7 50. Kd4 h6 51. g6 Kf6 52. Ke3 Nd7 53. Kd4 Ne5 54. c5 bxc5+ 55. Ke4 Nxg6 0-1

[Event "SRB Kadetski festival U18 6th"]
[Site "Vrnjacka Banja"]
[Date "2012.04.12"]
[Round "4"]
[White "Bozilov, Dragan"]
[Black "Jovic, Branko"]
[Result "1-0"]
[WhiteElo "1915"]
[BlackElo "1982"]
[PlyCount "80"]
[EventDate "2012.04.10"]
[EventType "swiss"]
[EventRounds "9"]
[EventCountry "SRB"]
[SourceTitle "CBM 148 Extra"]
[Source "ChessBase"]
[SourceDate "2012.06.22"]
[SourceVersion "1"]
[SourceVersionDate "2012.06.22"]
[SourceQuality "1"]

1. c4 Nf6 2. Nc3 e6 3. Nf3 c5 4. g3 b6 5. Bg2 Bb7 6. 0-0 Be7 7. d4 cxd4 8. Nxd4 Bxg2 9. Kxg2 Qc7 10. b3 a6 11. Bb2 0-0 12. Rc1 d6 13. e4 Nbd7 14. Qe2 Nc5 15. Rfe1 Rfe8 16. f4 Qb7 17. Qf3 Rad8 18. Rcd1 Bf8 19. e5 Qxf3+ 20. Nxf3 Nh5 21. exd6 Bxd6 22. Ne4 Be7 23. Nxc5 Bxc5 24. a3 a5 25. Ne5 Nf6 26. Kf3 Kf8 27. g4 Ng8 28. Nd7+ Ke7 29. Nxc5 bxc5 30. Be5 a4 31. bxa4 Ra8 32. Bd6+ Kf6 33. Bxc5 Rxa4 34. g5+ Kg6 35. Bb4 Ne7 36. Re4 Nc6 37. Bd6 Rc8 38. Rd3 Kf5 39. Rde3 Rca8 40. h4 Rd8 1-0

[Event "SRB Kadetski festival U18 6th"]
[Site "Vrnjacka Banja"]
[Date "2012.04.11"]
[Round "2"]
[White "Jandric, Damjan"]
[Black "Jovic, Branko"]
[Result "1/2-1/2"]
[WhiteElo "2011"]
[BlackElo "1982"]
[PlyCount "59"]
[EventDate "2012.04.10"]
[EventType "swiss"]
[EventRounds "9"]
[EventCountry "SRB"]
[SourceTitle "CBM 148 Extra"]
[Source "ChessBase"]
[SourceDate "2012.06.22"]
[SourceVersion "1"]
[SourceVersionDate "2012.06.22"]
[SourceQuality "1"]

1. e4 c5 2. Nf3 e6 3. d3 Nc6 4. g3 d6 5. Bg2 Nf6 6. 0-0 Be7 7. Qe2 0-0 8. c3 Bd7 9. a3 a6 10. b4 cxb4 11. axb4 Ne5 12. Nd4 Qc7 13. f4 Nc6 14. Be3 Nxd4 15. Bxd4 e5 16. Be3 a5 17. bxa5 Rxa5 18. Rxa5 Qxa5 19. h3 Ra8 20. Qb2 Bc6 21. fxe5 dxe5 22. Nd2 Qa2 23. Rb1 h6 24. d4 b5 25. d5 Be8 26. Bf1 Qa4 27. Bd3 Qa3 28. Nf3 Bc5 29. Bxc5 Qxc5+ 30. Kg2 1/2-1/2

[Event "Senta op-B 15th"]
[Site "Senta"]
[Date "2011.07.23"]
[Round "9"]
[White "Arsic, Djordje"]
[Black "Jovic, Branko"]
[Result "1/2-1/2"]
[WhiteElo "1854"]
[BlackElo "1981"]
[PlyCount "28"]
[EventDate "2011.07.16"]
[EventType "swiss"]
[EventRounds "9"]
[EventCountry "SRB"]
[SourceTitle "EXT 2019"]
[Source "ChessBase"]
[SourceDate "2018.10.10"]
[SourceVersion "1"]
[SourceVersionDate "2018.10.10"]
[SourceQuality "1"]

1. Nf3 Nf6 2. c4 c5 3. Nc3 Nc6 4. g3 g6 5. Bg2 Bg7 6. 0-0 0-0 7. d3 d6 8. e4 e5 9. h3 h6 10. Be3 Be6 11. Kh2 Kh7 12. Nd2 Nd7 13. f4 f5 14. Nd5 Nd4 1/2-1/2

[Event "SRB Central-ch op-B 4th"]
[Site "Paracin"]
[Date "2011.07.12"]
[Round "5"]
[White "Mirkovic, Dejan"]
[Black "Jovic, Branko"]
[Result "1-0"]
[WhiteElo "1903"]
[BlackElo "1981"]
[PlyCount "61"]
[EventDate "2011.07.08"]
[EventType "swiss"]
[EventRounds "9"]
[EventCountry "SRB"]
[SourceTitle "CBM 143 Extra"]
[Source "ChessBase"]
[SourceDate "2011.08.29"]
[SourceVersion "1"]
[SourceVersionDate "2011.08.29"]
[SourceQuality "1"]

1. d4 Nf6 2. Nf3 e6 3. e3 b6 4. Be2 Bb7 5. 0-0 Be7 6. c4 0-0 7. b3 d6 8. Bb2 Nbd7 9. Nc3 Ne4 10. Qc2 f5 11. Rad1 Qe8 12. Ne1 g5 13. f3 Nxc3 14. Bxc3 Qh5 15. f4 g4 16. d5 Rae8 17. b4 Bf6 18. Bxf6 Nxf6 19. dxe6 Rxe6 20. Qb3 Kh8 21. c5 Qe8 22. Nc2 Be4 23. Bd3 dxc5 24. bxc5 bxc5 25. Qc3 Qe7 26. Bxe4 Rxe4 27. Rd5 Qe6 28. Rxc5 Re8 29. Rc6 Qxa2 30. Qxf6+ Kg8 31. Rxc7 1-0

[Event "SRB Central-ch op-B 4th"]
[Site "Paracin"]
[Date "2011.07.11"]
[Round "4"]
[White "Jovic, Branko"]
[Black "Zajic, Milun"]
[Result "1-0"]
[WhiteElo "1981"]
[BlackElo "1779"]
[PlyCount "89"]
[EventDate "2011.07.08"]
[EventType "swiss"]
[EventRounds "9"]
[EventCountry "SRB"]
[SourceTitle "CBM 143 Extra"]
[Source "ChessBase"]
[SourceDate "2011.08.29"]
[SourceVersion "1"]
[SourceVersionDate "2011.08.29"]
[SourceQuality "1"]

1. e4 d5 2. exd5 Qxd5 3. Nc3 Qd6 4. Nf3 Nf6 5. d4 c6 6. h3 Bf5 7. Bc4 e6 8. 0-0 Nbd7 9. Re1 Be7 10. Bg5 Nb6 11. Bb3 0-0 12. Qd2 Qc7 13. Rad1 Rfd8 14. Qe2 Nbd5 15. Nxd5 cxd5 16. c3 a6 17. Ne5 b5 18. g4 Bg6 19. h4 h6 20. Bxf6 Bxf6 21. Nxg6 fxg6 22. Qxe6+ Qf7 23. Rd3 Ra7 24. Rf3 Re7 25. Qxf7+ Kxf7 26. Re5 Ke8 27. Rxd5 Rxd5 28. Bxd5 Bxh4 29. Re3 Kd7 30. Rxe7+ Bxe7 31. Bf7 g5 32. Kg2 Bf6 33. Kf3 Ke7 34. Bg6 Ke6 35. Ke4 Kd6 36. b3 Bd8 37. c4 Ba5 38. c5+ Kd7 39. d5 Bb4 40. Bf5+ Kc7 41. Ke5 Be1 42. d6+ Kc6 43. Be4+ Kd7 44. Kd5 Bxf2 45. c6+ 1-0

[Event "SRB Central-ch op-B 4th"]
[Site "Paracin"]
[Date "2011.07.09"]
[Round "2"]
[White "Jovic, Branko"]
[Black "Djukanovic, Mitar"]
[Result "1-0"]
[WhiteElo "1981"]
[BlackElo "1719"]
[PlyCount "49"]
[EventDate "2011.07.08"]
[EventType "swiss"]
[EventRounds "9"]
[EventCountry "SRB"]
[SourceTitle "CBM 143 Extra"]
[Source "ChessBase"]
[SourceDate "2011.08.29"]
[SourceVersion "1"]
[SourceVersionDate "2011.08.29"]
[SourceQuality "1"]

1. e4 e6 2. d4 d5 3. Nd2 dxe4 4. Nxe4 Bd7 5. Nf3 Bc6 6. Bd3 Nd7 7. 0-0 Ngf6 8. Qe2 Be7 9. Re1 Nxe4 10. Bxe4 Bxe4 11. Qxe4 c6 12. Qg4 Bf6 13. Bf4 h5 14. Qg3 Rc8 15. Bd6 Nb6 16. Bc5 Rh6 17. Re2 Nd5 18. Ne5 b6 19. Ba3 g5 20. Nc4 h4 21. Nd6+ Kd7 22. Qg4 Nf4 23. Nxf7 Nxe2+ 24. Qxe2 Qg8 25. Nxh6 1-0

[Event "SRB-ch U18"]
[Site "Kragujevac"]
[Date "2011.04.29"]
[Round "8"]
[White "Jandric, Damjan"]
[Black "Jovic, Branko"]
[Result "1/2-1/2"]
[WhiteElo "1925"]
[BlackElo "2002"]
[PlyCount "58"]
[EventDate "2011.04.24"]
[EventType "swiss"]
[EventRounds "9"]
[EventCountry "SRB"]
[SourceTitle "CBM 142 Extra"]
[Source "ChessBase"]
[SourceDate "2011.06.27"]
[SourceVersion "1"]
[SourceVersionDate "2011.06.27"]
[SourceQuality "1"]

1. e4 c5 2. Nf3 e6 3. d3 Nc6 4. g3 g6 5. Bg2 Bg7 6. 0-0 Nge7 7. Qe2 0-0 8. a4 a6 9. Nbd2 d5 10. Re1 Bd7 11. Nf1 b5 12. axb5 axb5 13. Bf4 Qb6 14. e5 Ra6 15. Ne3 Rfa8 16. Rxa6 Rxa6 17. Ng4 Ra2 18. Qd2 Qd8 19. Bh6 Nf5 20. Bxg7 Kxg7 21. Nh4 Nce7 22. Qg5 Ra8 23. Qf6+ Kg8 24. Bh3 h5 25. Nxf5 Nxf5 26. Qxd8+ Rxd8 27. Nf6+ Kf8 28. Bxf5 exf5 29. Nxd7+ Rxd7 1/2-1/2

[Event "SRB-ch U18"]
[Site "Kragujevac"]
[Date "2011.04.26"]
[Round "4"]
[White "Jovic, Branko"]
[Black "Jovanovic, Bojan P"]
[Result "0-1"]
[WhiteElo "2002"]
[BlackElo "2184"]
[PlyCount "90"]
[EventDate "2011.04.24"]
[EventType "swiss"]
[EventRounds "9"]
[EventCountry "SRB"]
[SourceTitle "CBM 142 Extra"]
[Source "ChessBase"]
[SourceDate "2011.06.27"]
[SourceVersion "1"]
[SourceVersionDate "2011.06.27"]
[SourceQuality "1"]

1. e4 e6 2. d4 d5 3. Nd2 Be7 4. Ngf3 a5 5. Bd3 c5 6. exd5 Qxd5 7. 0-0 cxd4 8. Be4 Qd8 9. Nb3 Nf6 10. Bd3 Nc6 11. Bb5 Bd7 12. Nbxd4 Nxd4 13. Bxd7+ Qxd7 14. Nxd4 0-0 15. Bg5 Rfd8 16. c3 e5 17. Nf3 Qf5 18. Qb1 e4 19. Bxf6 Bxf6 20. Re1 Rd3 21. Re3 Rad8 22. Rxd3 Rxd3 23. Nd4 Bxd4 24. cxd4 Rxd4 25. Qc2 Qd7 26. Rc1 h6 27. g3 f5 28. Qc8+ Kh7 29. Qxd7 Rxd7 30. Rc5 Rd1+ 31. Kg2 Rd2 32. Rxa5 Kg6 33. Rb5 e3 34. Rxb7 Rxf2+ 35. Kg1 Kf6 36. Rb3 Re2 37. a4 Ke5 38. a5 Ke4 39. Rb4+ Kd3 40. a6 Re1+ 41. Kg2 e2 42. a7 Ra1 43. Rb3+ Kd2 44. Ra3 e1Q 45. a8Q Qf1# 0-1

[Event "SRB-ch U18"]
[Site "Kragujevac"]
[Date "2011.04.24"]
[Round "1"]
[White "Janjic, Stefan"]
[Black "Jovic, Branko"]
[Result "0-1"]
[WhiteElo "1856"]
[BlackElo "2002"]
[PlyCount "64"]
[EventDate "2011.04.24"]
[EventType "swiss"]
[EventRounds "9"]
[EventCountry "SRB"]
[SourceTitle "CBM 142 Extra"]
[Source "ChessBase"]
[SourceDate "2011.06.27"]
[SourceVersion "1"]
[SourceVersionDate "2011.06.27"]
[SourceQuality "1"]

1. d4 Nf6 2. Bg5 e6 3. Bxf6 Qxf6 4. Nf3 b6 5. e3 Bb7 6. Nbd2 g6 7. Bd3 Bg7 8. 0-0 0-0 9. Qe2 d6 10. e4 Nd7 11. Nc4 Qe7 12. Qe3 c5 13. c3 Rac8 14. Rad1 Rfd8 15. Rd2 Qf8 16. g4 d5 17. exd5 Bxd5 18. b3 Bxf3 19. Qxf3 cxd4 20. cxd4 Bxd4 21. Bxg6 hxg6 22. Rxd4 Ne5 23. Nxe5 Rxd4 24. g5 Rc5 25. Qe3 Rdd5 26. f4 Rc2 27. Ng4 Rdd2 28. Qh3 Qc5+ 29. Rf2 Rd1+ 30. Kg2 Qd5+ 31. Qf3 Rxf2+ 32. Nxf2 Rg1+ 0-1

[Event "SRB-ch U16"]
[Site "Sokobanja"]
[Date "2010.04.10"]
[Round "8"]
[White "Djurnic, Strahinja"]
[Black "Jovic, Branko"]
[Result "1/2-1/2"]
[WhiteElo "2000"]
[BlackElo "1972"]
[PlyCount "42"]
[EventDate "2010.04.05"]
[EventType "swiss"]
[EventRounds "9"]
[EventCountry "YUG"]
[SourceTitle "CBM 136 Extra"]
[Source "ChessBase"]
[SourceDate "2010.07.02"]
[SourceVersion "2"]
[SourceVersionDate "2010.07.15"]
[SourceQuality "1"]

1. e4 c5 2. Nf3 e6 3. d4 cxd4 4. Nxd4 Nc6 5. Nc3 Qc7 6. Nxc6 Qxc6 7. Bd3 Nf6 8. 0-0 Be7 9. Kh1 0-0 10. f4 d6 11. Qe1 Nd7 12. f5 Bf6 13. Bf4 Ne5 14. Rd1 a6 15. fxe6 fxe6 16. Bxe5 Bxe5 17. Rxf8+ Kxf8 18. Qh4 Bd7 19. Qxh7 Ke7 20. Rf1 Rf8 21. Rxf8 Kxf8 1/2-1/2

[Event "SRB-ch U16"]
[Site "Sokobanja"]
[Date "2010.04.08"]
[Round "6"]
[White "Bulatovic, Nikola"]
[Black "Jovic, Branko"]
[Result "1-0"]
[WhiteElo "2107"]
[BlackElo "1972"]
[PlyCount "35"]
[EventDate "2010.04.05"]
[EventType "swiss"]
[EventRounds "9"]
[EventCountry "YUG"]
[SourceTitle "CBM 136 Extra"]
[Source "ChessBase"]
[SourceDate "2010.07.02"]
[SourceVersion "2"]
[SourceVersionDate "2010.07.15"]
[SourceQuality "1"]

1. e4 c5 2. Nf3 e6 3. d4 cxd4 4. Nxd4 Nc6 5. Nc3 a6 6. Nxc6 bxc6 7. Bd3 e5 8. 0-0 Nf6 9. Kh1 Be7 10. f4 exf4 11. e5 Nd5 12. Nxd5 cxd5 13. Qf3 Qa5 14. Bxf4 0-0 15. Bh6 Qb6 16. Bxg7 Kxg7 17. Qg4+ Kh8 18. Qh5 1-0

[Event "Belgrade op"]
[Site "Belgrade"]
[Date "2009.11.28"]
[Round "5"]
[White "Kuzmanovic, Slobodan"]
[Black "Jovic, Branko"]
[Result "1-0"]
[WhiteElo "2147"]
[BlackElo "1874"]
[PlyCount "57"]
[EventDate "2009.11.24"]
[EventType "swiss"]
[EventRounds "9"]
[EventCountry "YUG"]
[SourceTitle "CBM 133 Extra"]
[Source "ChessBase"]
[SourceDate "2010.01.05"]
[SourceVersion "1"]
[SourceVersionDate "2010.01.05"]
[SourceQuality "1"]

1. Nf3 Nf6 2. c4 e6 3. b3 c5 4. g3 Nc6 5. Bg2 Be7 6. 0-0 0-0 7. Bb2 Qc7 8. Nc3 a6 9. d4 cxd4 10. Nxd4 d6 11. Rc1 Nxd4 12. Qxd4 Rb8 13. Qa7 Bd7 14. Rfd1 Rfc8 15. Qd4 Qa5 16. a3 Bc6 17. b4 Qd8 18. e4 Bf8 19. e5 dxe5 20. Qxe5 Qe8 21. Ne4 Nxe4 22. Bxe4 Bxe4 23. Qxe4 Qc6 24. Qh4 Qc7 25. Qg5 h6 26. Qe3 Rd8 27. Be5 Bd6 28. Rxd6 Rxd6 29. c5 1-0

[Event "Belgrade op"]
[Site "Belgrade"]
[Date "2009.11.25"]
[Round "2"]
[White "Bulatovic, Nikola"]
[Black "Jovic, Branko"]
[Result "1-0"]
[WhiteElo "2111"]
[BlackElo "1874"]
[PlyCount "75"]
[EventDate "2009.11.24"]
[EventType "swiss"]
[EventRounds "9"]
[EventCountry "YUG"]
[SourceTitle "CBM 133 Extra"]
[Source "ChessBase"]
[SourceDate "2010.01.05"]
[SourceVersion "1"]
[SourceVersionDate "2010.01.05"]
[SourceQuality "1"]

1. e4 c5 2. Nf3 e6 3. Nc3 Nc6 4. d4 cxd4 5. Nxd4 a6 6. Be2 Qc7 7. 0-0 Nf6 8. Be3 Be7 9. f4 d6 10. a4 0-0 11. Kh1 Rd8 12. Bf3 Bd7 13. Nb3 Na5 14. Nxa5 Qxa5 15. Qe1 Kh8 16. Qf2 Qb4 17. e5 Ne8 18. Na2 Qxa4 19. Bxb7 Rab8 20. Nc3 Qc4 21. Bxa6 Qc6 22. Bd3 Rxb2 23. Ne4 f5 24. exf6 Nxf6 25. Bd4 Rb7 26. Nxf6 Bxf6 27. Bxf6 gxf6 28. Qh4 Be8 29. Qxf6+ Rg7 30. Rf3 Rdd7 31. Rg3 Rdf7 32. Qxe6 Re7 33. Qf6 Ref7 34. Qd4 Re7 35. f5 Re5 36. Rxg7 Kxg7 37. h3 Kf8 38. Ra6 1-0

[Event "Senta op-B 13th"]
[Site "Senta"]
[Date "2009.07.20"]
[Round "4"]
[White "Pajzer, Istvan"]
[Black "Jovic, Branko"]
[Result "1/2-1/2"]
[WhiteElo "2142"]
[BlackElo "1874"]
[PlyCount "96"]
[EventDate "2009.07.18"]
[EventType "swiss"]
[EventRounds "9"]
[EventCountry "YUG"]
[SourceTitle "EXT 2012"]
[Source "ChessBase"]
[SourceDate "2011.11.24"]
[SourceVersion "1"]
[SourceVersionDate "2011.11.24"]
[SourceQuality "1"]

1. d4 Nf6 2. c4 e6 3. Nc3 Bb4 4. Nf3 c5 5. e3 0-0 6. Bd3 Nc6 7. 0-0 d5 8. dxc5 dxc4 9. Bxc4 Bxc3 10. bxc3 Ne4 11. Nd4 Nxc3 12. Qd3 Nd5 13. Nxc6 bxc6 14. Rd1 Qe7 15. Rb1 e5 16. Bxd5 cxd5 17. Qxd5 Bg4 18. f3 Rfd8 19. Qb3 Be6 20. Rxd8+ Rxd8 21. Qc2 Qc7 22. e4 Rb8 23. Be3 Rxb1+ 24. Qxb1 f6 25. h4 h5 26. Kh2 a6 27. a4 Qc6 28. a5 Bd7 29. Qb3+ Be6 30. Qb6 Bd7 31. Qd8+ Kh7 32. Qe7 Be8 33. Bf2 Qd7 34. Qf8 Qc6 35. Be3 Qd7 36. Bg1 Qc6 37. Kg3 Qd7 38. Be3 Qe6 39. Qd6 Qxd6 40. cxd6 Kg6 41. f4 exf4+ 42. Kxf4 Kf7 43. e5 Ke6 44. Bd4 fxe5+ 45. Bxe5 g6 46. g3 Bb5 47. Ke4 Ba4 48. Kd4 Kd7 1/2-1/2

[Event "Belgrade Summer op"]
[Site "Belgrade"]
[Date "2009.06.08"]
[Round "6"]
[White "Dimic, Pavle"]
[Black "Jovic, Branko"]
[Result "1/2-1/2"]
[WhiteElo "1892"]
[BlackElo "1866"]
[PlyCount "55"]
[EventDate "2009.06.02"]
[EventType "swiss"]
[EventRounds "9"]
[EventCountry "SRB"]
[SourceTitle "EXT 2019"]
[Source "ChessBase"]
[SourceDate "2018.10.10"]
[SourceVersion "1"]
[SourceVersionDate "2018.10.10"]
[SourceQuality "1"]

1. e4 c5 2. Nf3 e6 3. d4 cxd4 4. Nxd4 Nc6 5. Nc3 a6 6. Be3 Qc7 7. Qd2 Nf6 8. f3 b5 9. g4 Ne5 10. Bf4 Bd6 11. 0-0-0 Nd3+ 12. Qxd3 Bxf4+ 13. Kb1 Bb7 14. h4 d5 15. exd5 Nxd5 16. Nxd5 Bxd5 17. Qa3 Qd6 18. Qxd6 Bxd6 19. Be2 Bc5 20. Rhe1 0-0-0 21. c3 Bb7 22. Nb3 Bf2 23. Rh1 Rxd1+ 24. Bxd1 Rd8 25. Kc2 e5 26. h5 Bb6 27. Re1 Re8 28. Nd2 1/2-1/2